| 000 | 00330 a2200097 4500 | ||
|---|---|---|---|
| 082 | _a363.125 NAB | ||
| 100 | _aNabors, Dan | ||
| 245 |
_aPedestrian Road Safety Audit Guidelines and Prompt Lists / _cDan Nabors....[et al] |
||
| 260 |
_aWashington : _bFederal Highway Administration, _c2007 |
||
| 300 |
_avi, 128p. : _bill. ; _c30 cm |
||
| 650 | _aPedestrian Road Safety | ||
| 999 |
_c2257 _d2257 |
||